000 00648nam a2200217Ia 4500
003 IN-BaIIA
008 211028s9999 xx 000 0 eng d
020 _a978-1-119-95151-3
040 _cIIA Library
080 _a519.226
_bCON
100 _aCongdon, Peter
_936424
245 0 _aApplied bayesian modelling
_cPeter Congdon
250 _a2nd ed.
260 _aChichester
_bJohn Wiley & Sons
_c2014
300 _aix, 437p.
490 _aWiley series in probability and statistics
650 _aBayesian statistical decision theory
_936274
650 _aMathematical statistics
_91674
650 _aMathematics - applied
_936425
942 _cBK
999 _c19076
_d19076